000 00925nam a2200229Ia 4500
003 Ost
005 20260507075651.0
008 260507s9999||||xx |||||||||||||| ||und||
040 _cfsecg
041 _aara
082 _a338.9
100 _aهاشم، اسماعيل محمد
_eمؤلف
245 0 _aمذكرات في التطور الإقتصادي /
_c اسماعيل محمد هاشم
260 _aالإسكندرية:
_bالمكتب العربي الحديث,
_c2005
300 _a311 صفحة؛
_bإيضاحات ؛
_c24 سم
504 _aالمراجع ص.311
520 _aالتطور الإقتصادي في أروبا - التطور الإقتصادي في مصر - المعالم الرئيسية في الإقتصاد المصري بعد الثورة.
653 _aالإقتصاد
653 _aالتطور الإقتصادي
653 _aالتنمية الإقتصادية
942 _cكتاب
999 _c45603
_d45603